000 00504ntaaa2200193 4500
003 01
005 20251027201458.0
008 0714s1973 ag 01
040 _aAR-BaBN
_bspa
_cAR-BaBN
_eaacr
_dRIC
082 _a226.6000 St1
100 _aStagg, Frank
_91214
245 _aO Livro dos Atos dos Apóstolos
250 _a1 ed.
260 _aRío :
_bCasa Publicadora Batista,
_c1958
300 _a397 p.
500 _ala biblioteca posee la obra en inglés
650 _aBiblia-N.T.-Hechos
942 _cBK
999 _c9349
_d9349